[Event "GER-chW Blitz 2019"]
[Site "Magdeburg"]
[Date "2019.05.25"]
[Round "3.6"]
[White "Silz, Elisa"]
[Black "Kreismann, Franziska"]
[Result "1-0"]
[WhiteElo "1977"]
[BlackElo "1589"]
[Annotator "NA"]
[PlyCount "59"]
[EventDate "2019.05.25"]
[EventType "tourn"]
[EventCountry "GER"]
[SourceTitle "playchess.com"]
[Source "ChessBase"]
[SourceQuality "1"]
[TimeControl "180+2"]

1. d4 {[%emt 0:00:00]} g6 {[%emt 0:00:00]} 2. c4 {[%emt 0:00:00]} Bg7 {[%emt 0:00:01]} 3. Nc3 {[%emt 0:00:00]} Nf6 {[%emt 0:00:02]} 4. e4 {[%emt 0:00:01]} d6 {[%emt 0:00:01]} 5. Nf3 {[%emt 0:00:01]} O-O 6. Be2 c6 {[%emt 0:00:04]} 7. O-O {[%emt 0:00:02]} e6 {[%emt 0:00:02]} 8. Qc2 {[%emt 0:00:01]} d5 {[%emt 0:00:02]} 9. e5 {[%emt 0:00:04]} Nfd7 {[%emt 0:00:02]} 10. cxd5 {[%emt 0:00:02]} cxd5 {[%emt 0:00:02]} 11. Bg5 {[%emt 0:00:05]} f6 {[%emt 0:00:08]} 12. exf6 {[%emt 0:00:02]} Bxf6 {[%emt 0:00:03]} 13. Bh6 {[%emt 0:00:02]} Bg7 {[%emt 0:00:03]} 14. Bxg7 {[%emt 0:00:03]} Kxg7 {[%emt 0:00:02]} 15. Rac1 {[%emt 0:00:05]} Nc6 {[%emt 0:00:06]} 16. a3 {[%emt 0:00:18]} a6 {[%emt 0:00:03]} 17. b4 {[%emt 0:00:04]} b5 {[%emt 0:00:03]} 18. Nxb5 {[%emt 0:00:07]} axb5 {[%emt 0:00:07]} 19. Qxc6 {[%emt 0:00:02]} Rxa3 {[%emt 0:00:16]} 20. Qc7 {[%emt 0:00:33]} Rf7 {[%emt 0:00:22]} 21. Ne5 {[%emt 0:00:10]} Qxc7 {[%emt 0:00:28]} 22. Rxc7 {[%emt 0:00:04]} Ra8 {[%emt 0:00:04]} 23. Nxf7 {[%emt 0:00:04]} Kxf7 {[%emt 0:00:02]} 24. Bxb5 {[%emt 0:00:02]} Rb8 {[%emt 0:00:04]} 25. Bxd7 {[%emt 0:00:03]} Bxd7 {[%emt 0:00:02]} 26. Rxd7+ {[%emt 0:00:01]} Ke8 {[%emt 0:00:01]} 27. Rxh7 {[%emt 0:00:02]} Rxb4 {[%emt 0:00:01]} 28. Rd1 {[%emt 0:00:04]} Kf8 {[%emt 0:00:03]} 29. g3 {[%emt 0:00:04]} Kg8 {[%emt 0:00:03]} 30. Ra7 {[%emt 0:00:02]} 1-0

[Event "GER-chW Blitz 2019"]
[Site "Magdeburg"]
[Date "2019.05.25"]
[Round "3.7"]
[White "Kotyk, Valeriya"]
[Black "Kunze, Kerstin"]
[Result "0-1"]
[WhiteElo "1739"]
[BlackElo "2066"]
[Annotator "NA"]
[PlyCount "78"]
[EventDate "2019.05.25"]
[EventType "tourn"]
[EventCountry "GER"]
[SourceTitle "playchess.com"]
[Source "ChessBase"]
[SourceQuality "1"]
[TimeControl "180+2"]

1. d4 {[%emt 0:00:00]} Nf6 {[%emt 0:00:00]} 2. Bg5 {[%emt 0:00:01]} e6 {[%emt 0:00:06]} 3. c4 {[%emt 0:00:01]} d5 {[%emt 0:00:01]} 4. Nc3 {[%emt 0:00:02]} Be7 {[%emt 0:00:01]} 5. cxd5 {[%emt 0:00:02]} exd5 {[%emt 0:00:03]} 6. e3 {[%emt 0:00:01]} O-O {[%emt 0:00:02]} 7. h3 {[%emt 0:00:01]} h6 {[%emt 0:00:03]} 8. Bh4 {[%emt 0:00:01]} c6 {[%emt 0:00:15]} 9. Bd3 {[%emt 0:00:06]} Be6 {[%emt 0:00:18]} 10. Qc2 {[%emt 0:00:06]} a5 {[%emt 0:00:07]} 11. Nge2 {[%emt 0:00:03]} Na6 {[%emt 0:00:00]} 12. a3 {[%emt 0:00:09]} Nc7 {[%emt 0:00:11]} 13. O-O {[%emt 0:00:08]} Nh5 {[%emt 0:00:04]} 14. Bxe7 {[%emt 0:00:02]} Qxe7 {[%emt 0:00:01]} 15. Bf5 {[%emt 0:00:31]} Ne8 {[%emt 0:00:33]} 16. g4 {[%emt 0:00:15]} Nhf6 {[%emt 0:00:03]} 17. Ng3 {[%emt 0:00:04]} Nd7 {[%emt 0:00:07]} 18. Kg2 {[%emt 0:00:04]} Nd6 {[%emt 0:00:02]} 19. Bd3 {[%emt 0:00:04]} g6 {[%emt 0:00:41]} 20. Rae1 {[%emt 0:00:08]} f5 {[%emt 0:00:03]} 21. f3 {[%emt 0:00:07]} Rf7 {[%emt 0:00:06]} 22. e4 {[%emt 0:00:05]} fxe4 {[%emt 0:00:03]} 23. fxe4 {[%emt 0:00:02]} Rxf1 {[%emt 0:00:01]} 24. Rxf1 {[%emt 0:00:00]} dxe4 {[%emt 0:00:03]} 25. Ncxe4 {[%emt 0:00:02]} Bd5 {[%emt 0:00:07]} 26. Kh2 {[%emt 0:00:13]} Re8 {[%emt 0:00:16]} 27. Nxd6 {[%emt 0:00:03]} Qxd6 {[%emt 0:00:01]} 28. Rf3 {[%emt 0:00:08]} Bxf3 {[%emt 0:00:02]} 29. Bc4+ {[%emt 0:00:16]} Kg7 {[%emt 0:00:01]} 30. Qc3 {[%emt 0:00:02]} Qf6 {[%emt 0:00:05]} 31. Qd2 {[%emt 0:00:08]} Nb6 {[%emt 0:00:02]} 32. Bd3 {[%emt 0:00:04]} Nd5 {[%emt 0:00:00]} 33. Qf2 {[%emt 0:00:06]} Qf4 {[%emt 0:00:04]} 34. Kg1 {[%emt 0:00:08]} Ne3 {[%emt 0:00:03]} 35. Ne2 {[%emt 0:00:16]} Qf6 {[%emt 0:00:06]} 36. b4 {[%emt 0:00:12]} axb4 {[%emt 0:00:01]} 37. axb4 {[%emt 0:00:01]} Bxe2 {[%emt 0:00:02]} 38. Qxe2 {[%emt 0:00:01]} Qxd4 {[%emt 0:00:00]} 39. Bb1 {[%emt 0:00:08]} Nd5+ {[%emt 0:00:07]} 0-1

[Event "GER-chW Blitz 2019"]
[Site "Magdeburg"]
[Date "2019.05.25"]
[Round "3.8"]
[White "Fuchs, Judith"]
[Black "Gheng, Simona"]
[Result "1-0"]
[WhiteElo "2218"]
[BlackElo "1991"]
[Annotator "NA"]
[PlyCount "33"]
[EventDate "2019.05.25"]
[EventType "tourn"]
[EventCountry "GER"]
[SourceTitle "playchess.com"]
[Source "ChessBase"]
[SourceQuality "1"]
[TimeControl "180+2"]

1. d4 {[%emt 0:00:00]} d5 {[%emt 0:00:00]} 2. Bf4 {[%emt 0:00:00]} e6 {[%emt 0:00:01]} 3. e3 {[%emt 0:00:01]} Nf6 {[%emt 0:00:01]} 4. Nf3 {[%emt 0:00:02]} Bd6 {[%emt 0:00:03]} 5. Bg3 {[%emt 0:00:01]} O-O {[%emt 0:00:06]} 6. Bd3 {[%emt 0:00:05]} h6 {[%emt 0:00:01]} 7. Nbd2 {[%emt 0:00:03]} b6 {[%emt 0:00:01]} 8. Qe2 {[%emt 0:00:01]} Bb7 {[%emt 0:00:00]} 9. c3 {[%emt 0:00:02]} c5 {[%emt 0:00:01]} 10. Rd1 {[%emt 0:00:01]} Nbd7 {[%emt 0:00:01]} 11. Bxd6 {[%emt 0:00:04]} Re8 {[%emt 0:00:07]} 12. Bg3 {[%emt 0:00:04]} e5 {[%emt 0:00:09]} 13. Nxe5 {[%emt 0:00:05]} Nxe5 {[%emt 0:00:02]} 14. Bxe5 {[%emt 0:00:02]} Qd7 {[%emt 0:00:13]} 15. Bxf6 {[%emt 0:00:14]} gxf6 {[%emt 0:00:01]} 16. O-O {[%emt 0:00:08]} Bc8 {[%emt 0:00:18]} 17. Bb5 {[%emt 0:00:15]} 1-0

[Event "GER-chW Blitz 2019"]
[Site "Magdeburg"]
[Date "2019.05.25"]
[Round "3.9"]
[White "Lubbe, Melanie"]
[Black "Kopylov, Luba"]
[Result "1-0"]
[WhiteElo "2278"]
[BlackElo "2078"]
[Annotator "NA"]
[PlyCount "63"]
[EventDate "2019.05.25"]
[EventType "tourn"]
[EventCountry "GER"]
[SourceTitle "playchess.com"]
[Source "ChessBase"]
[SourceQuality "1"]
[TimeControl "180+2"]

1. d4 {[%emt 0:00:00]} Nf6 {[%emt 0:00:00]} 2. Nc3 {[%emt 0:00:00]} g6 {[%emt 0:00:00]} 3. e4 {[%emt 0:00:00]} d6 {[%emt 0:00:01]} 4. Be3 {[%emt 0:00:03]} Bg7 {[%emt 0:00:01]} 5. f3 {[%emt 0:00:01]} O-O 6. Qd2 Nbd7 {[%emt 0:00:11]} 7. Nge2 {[%emt 0:00:02]} c5 {[%emt 0:00:02]} 8. g4 {[%emt 0:00:04]} cxd4 {[%emt 0:00:04]} 9. Nxd4 {[%emt 0:00:01]} Ne5 {[%emt 0:00:01]} 10. O-O-O {[%emt 0:00:09]} Qa5 {[%emt 0:00:12]} 11. Kb1 {[%emt 0:00:05]} Be6 {[%emt 0:00:17]} 12. Nd5 {[%emt 0:00:29]} Qd8 {[%emt 0:00:02]} 13. Nxe6 {[%emt 0:00:14]} fxe6 {[%emt 0:00:01]} 14. Nf4 {[%emt 0:00:04]} Nxf3 {[%emt 0:00:03]} 15. Qg2 {[%emt 0:00:10]} Ng5 {[%emt 0:00:30]} 16. Bc4 {[%emt 0:00:09]} Qc8 {[%emt 0:00:37]} 17. Bb3 {[%emt 0:00:09]} Kh8 {[%emt 0:00:01]} 18. h4 {[%emt 0:00:03]} Ngxe4 {[%emt 0:00:02]} 19. Nxe6 {[%emt 0:00:05]} Nc3+ {[%emt 0:00:38]} 20. bxc3 {[%emt 0:00:09]} Qxc3 {[%emt 0:00:01]} 21. Bd4 {[%emt 0:00:09]} Qc6 {[%emt 0:00:14]} 22. Qxc6 {[%emt 0:00:03]} bxc6 {[%emt 0:00:01]} 23. Nxg7 {[%emt 0:00:02]} e5 {[%emt 0:00:05]} 24. Ne6 {[%emt 0:00:05]} exd4 {[%emt 0:00:06]} 25. Nxf8 {[%emt 0:00:02]} Rxf8 {[%emt 0:00:03]} 26. Rxd4 {[%emt 0:00:02]} d5 {[%emt 0:00:02]} 27. c4 {[%emt 0:00:04]} c5 {[%emt 0:00:11]} 28. Rf4 {[%emt 0:00:08]} Kg7 {[%emt 0:00:13]} 29. Rhf1 {[%emt 0:00:01]} dxc4 {[%emt 0:00:06]} 30. Bxc4 {[%emt 0:00:02]} Rb8+ {[%emt 0:00:01]} 31. Kc2 {[%emt 0:00:03]} Rb6 {[%emt 0:00:11]} 32. g5 {[%emt 0:00:02]} 1-0

[Event "GER-chW Blitz 2019"]
[Site "Magdeburg"]
[Date "2019.05.25"]
[Round "3.10"]
[White "Ries, Jutta"]
[Black "Zimmer, Elke"]
[Result "1-0"]
[WhiteElo "2017"]
[BlackElo "1926"]
[Annotator "NA"]
[PlyCount "67"]
[EventDate "2019.05.25"]
[EventType "tourn"]
[EventCountry "GER"]
[SourceTitle "playchess.com"]
[Source "ChessBase"]
[SourceQuality "1"]
[TimeControl "180+2"]

1. f4 {[%emt 0:00:00]} d5 {[%emt 0:00:00]} 2. Nf3 {[%emt 0:00:00]} Nc6 {[%emt 0:00:00]} 3. b3 {[%emt 0:00:01]} Bf5 {[%emt 0:00:02]} 4. Bb2 {[%emt 0:00:01]} e6 {[%emt 0:00:02]} 5. e3 {[%emt 0:00:01]} Nf6 {[%emt 0:00:02]} 6. Bb5 {[%emt 0:00:02]} Bd6 {[%emt 0:00:07]} 7. O-O {[%emt 0:00:09]} O-O {[%emt 0:00:02]} 8. Bxc6 {[%emt 0:00:09]} bxc6 {[%emt 0:00:02]} 9. Nd4 {[%emt 0:00:14]} Bg4 {[%emt 0:00:13]} 10. Qe1 {[%emt 0:00:05]} c5 {[%emt 0:00:07]} 11. Nc6 {[%emt 0:00:06]} Qe8 {[%emt 0:00:13]} 12. Ne5 {[%emt 0:00:32]} Bf5 {[%emt 0:00:09]} 13. d3 {[%emt 0:00:01]} Nd7 {[%emt 0:00:07]} 14. Nd2 {[%emt 0:00:06]} f6 {[%emt 0:00:15]} 15. Nef3 {[%emt 0:00:02]} Bg6 {[%emt 0:00:02]} 16. Qg3 {[%emt 0:00:12]} e5 {[%emt 0:00:26]} 17. Nh4 {[%emt 0:00:12]} exf4 {[%emt 0:00:06]} 18. exf4 {[%emt 0:00:03]} Bf7 {[%emt 0:00:25]} 19. Rae1 {[%emt 0:00:04]} Qd8 {[%emt 0:00:03]} 20. Nf5 {[%emt 0:00:03]} Bg6 {[%emt 0:00:05]} 21. Nxd6 {[%emt 0:00:09]} cxd6 {[%emt 0:00:01]} 22. f5 {[%emt 0:00:01]} Bh5 {[%emt 0:00:09]} 23. Qxd6 {[%emt 0:00:03]} Re8 {[%emt 0:00:06]} 24. Qxd5+ {[%emt 0:00:04]} Bf7 {[%emt 0:00:10]} 25. Qf3 {[%emt 0:00:06]} Ne5 {[%emt 0:00:09]} 26. Qg3 {[%emt 0:00:06]} Qc8 {[%emt 0:00:06]} 27. Bxe5 {[%emt 0:00:07]} fxe5 {[%emt 0:00:01]} 28. Rxe5 {[%emt 0:00:02]} Qd7 {[%emt 0:00:04]} 29. f6 {[%emt 0:00:07]} Qd4+ {[%emt 0:00:03]} 30. Kh1 {[%emt 0:00:11]} g6 {[%emt 0:00:02]} 31. Re7 {[%emt 0:00:10]} Qc3 {[%emt 0:00:15]} 32. Ne4 {[%emt 0:00:04]} Qxc2 {[%emt 0:00:19]} 33. Nd6 {[%emt 0:00:02]} Rxe7 {[%emt 0:00:04]} 34. fxe7 {[%emt 0:00:02]} 1-0

[Event "GER-chW Blitz 2019"]
[Site "Magdeburg"]
[Date "2019.05.25"]
[Round "3.11"]
[White "Kushka, Alena"]
[Black "Mader, Lena"]
[Result "1-0"]
[WhiteElo "2148"]
[BlackElo "1839"]
[Annotator "NA"]
[PlyCount "54"]
[EventDate "2019.05.25"]
[EventType "tourn"]
[EventCountry "GER"]
[SourceTitle "playchess.com"]
[Source "ChessBase"]
[SourceQuality "1"]
[TimeControl "180+2"]

1. c4 {[%emt 0:00:00]} Nf6 {[%emt 0:00:00]} 2. d4 {[%emt 0:00:01]} g6 {[%emt 0:00:05]} 3. Nc3 {[%emt 0:00:01]} Bg7 {[%emt 0:00:01]} 4. e4 {[%emt 0:00:01]} d6 {[%emt 0:00:01]} 5. f4 {[%emt 0:00:02]} O-O {[%emt 0:00:02]} 6. Nf3 {[%emt 0:00:01]} c5 {[%emt 0:00:06]} 7. d5 {[%emt 0:00:01]} a6 {[%emt 0:00:30]} 8. a4 {[%emt 0:00:03]} Nbd7 {[%emt 0:00:20]} 9. Bd3 {[%emt 0:00:02]} Nb6 {[%emt 0:00:29]} 10. O-O {[%emt 0:00:14]} e5 {[%emt 0:00:06]} 11. dxe6 {[%emt 0:00:02]} Bxe6 {[%emt 0:00:01]} 12. Qe2 {[%emt 0:00:16]} Qc7 {[%emt 0:00:10]} 13. a5 {[%emt 0:00:13]} Nbd7 {[%emt 0:00:02]} 14. f5 {[%emt 0:00:04]} gxf5 {[%emt 0:00:24]} 15. exf5 {[%emt 0:00:01]} Rae8 {[%emt 0:00:16]} 16. fxe6 {[%emt 0:00:04]} Rxe6 {[%emt 0:00:01]} 17. Qf2 {[%emt 0:00:21]} Ne5 {[%emt 0:00:33]} 18. Nxe5 {[%emt 0:00:09]} dxe5 {[%emt 0:00:00]} 19. Qh4 {[%emt 0:00:05]} e4 {[%emt 0:00:16]} 20. Nxe4 {[%emt 0:00:34]} Nxe4 21. Bxe4 {[%emt 0:00:01]} Rxe4 {[%emt 0:00:13]} 22. Qxe4 {[%emt 0:00:02]} Bd4+ {[%emt 0:00:04]} 23. Kh1 {[%emt 0:00:01]} Kh8 {[%emt 0:00:03]} 24. Bf4 {[%emt 0:00:06]} Qd7 25. Be5+ Bxe5 26. Qxe5+ Kg8 27. Rf3 Re8 1-0

[Event "GER-chW Blitz 2019"]
[Site "Magdeburg"]
[Date "2019.05.25"]
[Round "3.12"]
[White "Schulze, Lara"]
[Black "Braje, Monika"]
[Result "1-0"]
[WhiteElo "2160"]
[BlackElo "1781"]
[Annotator "NA"]
[PlyCount "50"]
[EventDate "2019.05.25"]
[EventType "tourn"]
[EventCountry "GER"]
[SourceTitle "playchess.com"]
[Source "ChessBase"]
[SourceQuality "1"]
[TimeControl "180+2"]

1. e4 {[%emt 0:00:00]} d5 {[%emt 0:00:01]} 2. exd5 {[%emt 0:00:01]} Nf6 {[%emt 0:00:02]} 3. d4 {[%emt 0:00:03]} Nxd5 {[%emt 0:00:01]} 4. Nf3 {[%emt 0:00:01]} g6 {[%emt 0:00:06]} 5. c4 {[%emt 0:00:01]} Nb6 {[%emt 0:00:00]} 6. Nc3 {[%emt 0:00:01]} Bg7 {[%emt 0:00:01]} 7. h3 {[%emt 0:00:07]} e6 {[%emt 0:00:01]} 8. Bg5 {[%emt 0:00:12]} Bf6 {[%emt 0:00:34]} 9. Bh6 {[%emt 0:00:32]} a6 {[%emt 0:00:01]} 10. Ne4 {[%emt 0:00:16]} Be7 {[%emt 0:00:06]} 11. Bg7 {[%emt 0:00:30]} Rg8 {[%emt 0:00:01]} 12. Bh6 {[%emt 0:00:01]} Bd7 {[%emt 0:00:26]} 13. Be2 {[%emt 0:00:13]} Bc6 {[%emt 0:00:02]} 14. Neg5 {[%emt 0:00:20]} N8d7 {[%emt 0:00:20]} 15. O-O {[%emt 0:00:10]} Nf8 {[%emt 0:00:23]} 16. Qd2 {[%emt 0:00:16]} f6 {[%emt 0:00:22]} 17. Bxf8 {[%emt 0:00:02]} fxg5 {[%emt 0:00:01]} 18. Bxe7 {[%emt 0:00:02]} Qxe7 {[%emt 0:00:01]} 19. Qxg5 {[%emt 0:00:04]} Qxg5 {[%emt 0:00:46]} 20. Nxg5 {[%emt 0:00:01]} Ke7 {[%emt 0:00:02]} 21. Nxh7 {[%emt 0:00:14]} Rg7 {[%emt 0:00:05]} 22. Ng5 {[%emt 0:00:01]} Rh8 {[%emt 0:00:05]} 23. b3 {[%emt 0:00:05]} Nd7 {[%emt 0:00:07]} 24. Bg4 {[%emt 0:00:05]} Nf8 {[%emt 0:00:07]} 25. Rfe1 {[%emt 0:00:01]} Kf6 1-0

[Event "GER-chW Blitz 2019"]
[Site "Magdeburg"]
[Date "2019.05.25"]
[Round "4.1"]
[White "Roesler, Hannah Clara Hed"]
[Black "Braje, Monika"]
[Result "0-1"]
[WhiteElo "1619"]
[BlackElo "1781"]
[Annotator "NA"]
[PlyCount "43"]
[EventDate "2019.05.25"]
[EventType "tourn"]
[EventCountry "GER"]
[SourceTitle "playchess.com"]
[Source "ChessBase"]
[SourceQuality "1"]
[TimeControl "180+2"]

1. e4 {[%emt 0:00:00]} d5 {[%emt 0:00:00]} 2. exd5 {[%emt 0:00:00]} Nf6 {[%emt 0:00:00]} 3. c4 {[%emt 0:00:01]} c6 {[%emt 0:00:00]} 4. d4 {[%emt 0:00:01]} cxd5 {[%emt 0:00:01]} 5. Nc3 {[%emt 0:00:02]} dxc4 {[%emt 0:00:01]} 6. Bxc4 {[%emt 0:00:02]} e6 {[%emt 0:00:01]} 7. Nf3 {[%emt 0:00:07]} Be7 {[%emt 0:00:01]} 8. O-O {[%emt 0:00:09]} O-O {[%emt 0:00:02]} 9. Re1 {[%emt 0:00:09]} a6 {[%emt 0:00:01]} 10. Bg5 {[%emt 0:00:41]} b5 {[%emt 0:00:03]} 11. Bb3 {[%emt 0:00:12]} Bb7 {[%emt 0:00:01]} 12. Bc2 {[%emt 0:00:29]} h6 {[%emt 0:00:01]} 13. Bh4 {[%emt 0:00:04]} Nbd7 {[%emt 0:00:09]} 14. d5 {[%emt 0:00:17]} Nc5 15. dxe6 {[%emt 0:00:09]} Nxe6 {[%emt 0:00:36]} 16. Qe2 {[%emt 0:00:11]} Qc7 {[%emt 0:00:13]} 17. Bg3 {[%emt 0:00:08]} Qc6 {[%emt 0:00:02]} 18. Rac1 {[%emt 0:00:07]} Nd4 {[%emt 0:00:11]} 19. Qxe7 {[%emt 0:00:30]} Nxf3+ {[%emt 0:00:01]} 20. Kh1 {[%emt 0:00:10]} Nxe1 {[%emt 0:00:02]} 21. f3 {[%emt 0:00:10]} Nxc2 {[%emt 0:00:02]} 22. Rxc2 {[%emt 0:00:00]} 0-1

[Event "GER-chW Blitz 2019"]
[Site "Magdeburg"]
[Date "2019.05.25"]
[Round "4.2"]
[White "Mader, Lena"]
[Black "Schulze, Lara"]
[Result "1/2-1/2"]
[WhiteElo "1839"]
[BlackElo "2160"]
[Annotator "NA"]
[PlyCount "98"]
[EventDate "2019.05.25"]
[EventType "tourn"]
[EventCountry "GER"]
[SourceTitle "playchess.com"]
[Source "ChessBase"]
[SourceQuality "1"]
[TimeControl "180+2"]

1. c4 {[%emt 0:00:00]} e5 {[%emt 0:00:00]} 2. Nc3 {[%emt 0:00:00]} Bb4 {[%emt 0:00:01]} 3. Nf3 {[%emt 0:00:04]} Bxc3 {[%emt 0:00:15]} 4. bxc3 {[%emt 0:00:08]} d6 {[%emt 0:00:08]} 5. d3 {[%emt 0:00:13]} Ne7 {[%emt 0:00:10]} 6. g3 {[%emt 0:00:11]} O-O {[%emt 0:00:03]} 7. Bg2 {[%emt 0:00:01]} f5 {[%emt 0:00:11]} 8. e3 {[%emt 0:00:02]} Nbc6 {[%emt 0:00:14]} 9. O-O {[%emt 0:00:02]} Kh8 {[%emt 0:00:01]} 10. a4 {[%emt 0:00:09]} a5 {[%emt 0:00:03]} 11. Rb1 {[%emt 0:00:12]} b6 {[%emt 0:00:02]} 12. d4 {[%emt 0:00:50]} Ba6 {[%emt 0:00:17]} 13. d5 {[%emt 0:00:23]} Nb8 {[%emt 0:00:06]} 14. Qb3 {[%emt 0:00:02]} Nd7 {[%emt 0:00:02]} 15. Nd2 {[%emt 0:00:08]} Nc5 {[%emt 0:00:03]} 16. Qa2 {[%emt 0:00:05]} Qd7 {[%emt 0:00:03]} 17. Qc2 {[%emt 0:00:29]} Qxa4 {[%emt 0:00:04]} 18. Qxa4 Nxa4 {[%emt 0:00:01]} 19. Bb2 {[%emt 0:00:07]} Nc5 {[%emt 0:00:11]} 20. Ba3 {[%emt 0:00:00]} Nd7 {[%emt 0:00:23]} 21. Rb2 {[%emt 0:00:04]} e4 {[%emt 0:00:05]} 22. Rfb1 {[%emt 0:00:01]} Ne5 {[%emt 0:00:09]} 23. Bf1 {[%emt 0:00:01]} Ng8 {[%emt 0:00:12]} 24. h3 {[%emt 0:00:09]} Nf6 {[%emt 0:00:02]} 25. Kh2 {[%emt 0:00:03]} h5 {[%emt 0:00:04]} 26. Rb3 {[%emt 0:00:13]} Nfd7 {[%emt 0:00:05]} 27. R3b2 {[%emt 0:00:02]} Nd3 {[%emt 0:00:10]} 28. Bxd3 {[%emt 0:00:06]} exd3 {[%emt 0:00:01]} 29. Kg2 {[%emt 0:00:02]} Ne5 {[%emt 0:00:01]} 30. Nf3 {[%emt 0:00:03]} Nxc4 {[%emt 0:00:01]} 31. Rb3 {[%emt 0:00:05]} Nxa3 {[%emt 0:00:04]} 32. Rxa3 {[%emt 0:00:01]} Bc4 {[%emt 0:00:01]} 33. Nd2 {[%emt 0:00:05]} Bxd5+ {[%emt 0:00:01]} 34. Kg1 {[%emt 0:00:02]} a4 {[%emt 0:00:36]} 35. c4 {[%emt 0:00:01]} Be4 {[%emt 0:00:03]} 36. f3 {[%emt 0:00:01]} Bc6 {[%emt 0:00:01]} 37. Rxd3 {[%emt 0:00:02]} a3 {[%emt 0:00:01]} 38. Nb3 {[%emt 0:00:02]} Bxf3 {[%emt 0:00:06]} 39. Kf2 {[%emt 0:00:02]} Be4 {[%emt 0:00:01]} 40. Ke2 {[%emt 0:00:02]} Bxd3+ {[%emt 0:00:00]} 41. Kxd3 {[%emt 0:00:00]} a2 {[%emt 0:00:03]} 42. Ra1 {[%emt 0:00:01]} Rfe8 {[%emt 0:00:01]} 43. Nd4 {[%emt 0:00:01]} Ra3+ {[%emt 0:00:02]} 44. Kd2 {[%emt 0:00:05]} Raxe3 {[%emt 0:00:01]} 45. Nc6 {[%emt 0:00:01]} Re2+ {[%emt 0:00:02]} 46. Kd3 {[%emt 0:00:01]} R8e3+ {[%emt 0:00:02]} 47. Kd4 {[%emt 0:00:01]} Re4+ {[%emt 0:00:00]} 48. Kd5 {[%emt 0:00:01]} Rd2+ {[%emt 0:00:04]} 49. Nd4 {[%emt 0:00:03]} Rdxd4+ {[%emt 0:00:02]} 1/2-1/2

[Event "GER-chW Blitz 2019"]
[Site "Magdeburg"]
[Date "2019.05.25"]
[Round "4.3"]
[White "Zimmer, Elke"]
[Black "Kushka, Alena"]
[Result "1/2-1/2"]
[WhiteElo "1926"]
[BlackElo "2148"]
[Annotator "NA"]
[PlyCount "125"]
[EventDate "2019.05.25"]
[EventType "tourn"]
[EventCountry "GER"]
[SourceTitle "playchess.com"]
[Source "ChessBase"]
[SourceQuality "1"]
[TimeControl "180+2"]

1. e4 {[%emt 0:00:00]} c5 {[%emt 0:00:00]} 2. Nc3 {[%emt 0:00:00]} Nc6 {[%emt 0:00:00]} 3. g3 {[%emt 0:00:00]} g6 {[%emt 0:00:02]} 4. Bg2 {[%emt 0:00:01]} Bg7 {[%emt 0:00:02]} 5. d3 {[%emt 0:00:00]} d6 {[%emt 0:00:09]} 6. h3 {[%emt 0:00:04]} Nf6 {[%emt 0:00:01]} 7. Nf3 {[%emt 0:00:01]} O-O {[%emt 0:00:03]} 8. Be3 {[%emt 0:00:01]} a6 {[%emt 0:00:06]} 9. Qd2 {[%emt 0:00:01]} Re8 {[%emt 0:00:06]} 10. Bh6 {[%emt 0:00:02]} Bh8 {[%emt 0:00:03]} 11. O-O {[%emt 0:00:03]} b5 {[%emt 0:00:03]} 12. Rfe1 {[%emt 0:00:12]} Bb7 {[%emt 0:00:08]} 13. Rab1 {[%emt 0:00:11]} Qd7 {[%emt 0:00:21]} 14. Ne2 {[%emt 0:00:04]} e5 {[%emt 0:00:31]} 15. g4 {[%emt 0:00:04]} d5 {[%emt 0:00:07]} 16. exd5 {[%emt 0:00:41]} Nxd5 {[%emt 0:00:01]} 17. Ng3 {[%emt 0:00:07]} Nd4 {[%emt 0:00:39]} 18. Nxd4 {[%emt 0:00:02]} exd4 {[%emt 0:00:09]} 19. Rxe8+ {[%emt 0:00:00]} Rxe8 {[%emt 0:00:02]} 20. Re1 {[%emt 0:00:01]} Bc6 {[%emt 0:00:36]} 21. Rxe8+ {[%emt 0:00:05]} Qxe8 {[%emt 0:00:03]} 22. Qe2 {[%emt 0:00:01]} Qxe2 {[%emt 0:00:04]} 23. Nxe2 {[%emt 0:00:01]} Nb4 {[%emt 0:00:06]} 24. Bxc6 {[%emt 0:00:03]} Nxc6 {[%emt 0:00:01]} 25. a3 {[%emt 0:00:00]} Be5 {[%emt 0:00:05]} 26. f4 {[%emt 0:00:03]} Bc7 {[%emt 0:00:02]} 27. Kg2 {[%emt 0:00:01]} f6 {[%emt 0:00:03]} 28. Kf3 {[%emt 0:00:04]} Kf7 {[%emt 0:00:04]} 29. c3 {[%emt 0:00:04]} dxc3 {[%emt 0:00:05]} 30. bxc3 {[%emt 0:00:01]} Ne7 {[%emt 0:00:02]} 31. d4 {[%emt 0:00:17]} cxd4 {[%emt 0:00:04]} 32. Nxd4 {[%emt 0:00:07]} Ng8 {[%emt 0:00:04]} 33. g5 {[%emt 0:00:01]} Bd6 {[%emt 0:00:04]} 34. Nc6 {[%emt 0:00:16]} Nxh6 {[%emt 0:00:04]} 35. gxh6 {[%emt 0:00:01]} Bxa3 {[%emt 0:00:02]} 36. Nb8 {[%emt 0:00:00]} a5 {[%emt 0:00:02]} 37. Nd7 {[%emt 0:00:03]} b4 {[%emt 0:00:01]} 38. cxb4 {[%emt 0:00:03]} axb4 {[%emt 0:00:02]} 39. Ke2 {[%emt 0:00:04]} b3 {[%emt 0:00:02]} 40. Kd2 {[%emt 0:00:01]} Bd6 {[%emt 0:00:03]} 41. Kc3 {[%emt 0:00:04]} Bxf4 {[%emt 0:00:01]} 42. Kxb3 {[%emt 0:00:00]} Bxh6 {[%emt 0:00:02]} 43. Kc4 {[%emt 0:00:01]} Ke6 {[%emt 0:00:00]} 44. Nc5+ {[%emt 0:00:01]} Kf5 {[%emt 0:00:01]} 45. Kd5 {[%emt 0:00:00]} g5 {[%emt 0:00:02]} 46. Ne6 {[%emt 0:00:03]} g4 {[%emt 0:00:02]} 47. hxg4+ {[%emt 0:00:01]} Kxg4 {[%emt 0:00:01]} 48. Ke4 {[%emt 0:00:03]} f5+ {[%emt 0:00:01]} 49. Kd3 {[%emt 0:00:01]} Bf4 {[%emt 0:00:02]} 50. Ke2 {[%emt 0:00:03]} h5 {[%emt 0:00:01]} 51. Kf2 {[%emt 0:00:01]} Be5 {[%emt 0:00:03]} 52. Kg2 {[%emt 0:00:07]} h4 {[%emt 0:00:04]} 53. Nc5 {[%emt 0:00:01]} h3+ {[%emt 0:00:03]} 54. Kh1 {[%emt 0:00:01]} Kf3 {[%emt 0:00:01]} 55. Nd3 {[%emt 0:00:04]} Bb8 {[%emt 0:00:02]} 56. Ne1+ {[%emt 0:00:02]} Ke2 {[%emt 0:00:02]} 57. Nc2 {[%emt 0:00:01]} Ba7 {[%emt 0:00:02]} 58. Nb4 {[%emt 0:00:01]} f4 {[%emt 0:00:02]} 59. Nd5 {[%emt 0:00:01]} f3 {[%emt 0:00:04]} 60. Nf4+ {[%emt 0:00:11]} Kf1 {[%emt 0:00:05]} 61. Nxh3 {[%emt 0:00:02]} Bb8 {[%emt 0:00:01]} 62. Ng1 {[%emt 0:00:10]} f2 {[%emt 0:00:04]} 63. Nh3 {[%emt 0:00:07]} 1/2-1/2